[Event "20. Obert Int. Sant Marti 2018 - B"]
[Site "Barcelona ESP"]
[Date "2018.07.21"]
[Round "9.43"]
[White "Gordillo Bretones, Jose Luis"]
[Black "Romero Funieles, Rafael"]
[Result "0-1"]
[WhiteElo "1543"]
[BlackElo "1725"]
[PlyCount "104"]
[EventDate "2018.07.13"]
[EventType "swiss"]
[EventRounds "9"]
[EventCountry "ESP"]
[SourceTitle "Ajedrez en Madrid"]
[Source "lmi"]
[SourceDate "2018.07.13"]
[SourceVersion "1"]
[SourceVersionDate "2019.06.21"]
[SourceQuality "1"]

1. e4 e6 2. d4 d6 3. Nf3 Nf6 4. Nbd2 Be7 5. Bd3 b6 6. O-O h6 7. b3 Bb7 8. Re1
Nbd7 9. Bb2 g5 10. e5 dxe5 11. Nxe5 Nxe5 12. dxe5 Nd5 13. Be4 c6 14. a3 Qd7 15.
Nc4 O-O-O 16. g3 h5 17. Nd6+ Bxd6 18. exd6 h4 19. c4 hxg3 20. Bxh8 gxf2+ 21.
Kxf2 Rxh8 22. cxd5 exd5 23. Bg2 Qxd6 24. Qg4+ Kb8 25. Qg3 Kc7 26. Qxd6+ Kxd6
27. Kg3 f5 28. h3 Bc8 29. Re2 f4+ 30. Kf2 Bxh3 31. Bxh3 Rxh3 32. Rg1 Rxb3 33.
Ra2 Ke5 34. Rxg5+ Ke4 35. a4 a5 36. Re2+ Kd3 37. Rf5 Ra3 38. Rf6 Rxa4 39. Rxc6
Rb4 40. Rec2 a4 41. Kf3 b5 42. R6c3+ Kd4 43. Kxf4 Rc4 44. Rxc4+ dxc4 45. Rd2+
Kc3 46. Ke3 b4 47. Re2 a3 48. Ra2 Kb3 49. Ra1 Kb2 50. Rd1 c3 51. Kd3 c2 52. Rh1
b3 0-1

[Event "20. Obert Int. Sant Marti 2018 - B"]
[Site "Barcelona ESP"]
[Date "2018.07.21"]
[Round "9.44"]
[White "Roche Peris, Eduard"]
[Black "Martin Arranz, Lluis"]
[Result "1-0"]
[WhiteElo "1705"]
[BlackElo "1582"]
[PlyCount "61"]
[EventDate "2018.07.13"]
[EventType "swiss"]
[EventRounds "9"]
[EventCountry "ESP"]
[SourceTitle "Ajedrez en Madrid"]
[Source "lmi"]
[SourceDate "2018.07.13"]
[SourceVersion "1"]
[SourceVersionDate "2019.06.21"]
[SourceQuality "1"]

1. d4 e6 2. c4 Nf6 3. Nf3 b6 4. g3 Bb7 5. Bg2 d5 6. O-O Be7 7. Nc3 O-O 8. cxd5
exd5 9. Bg5 Re8 10. Rc1 h6 11. Bf4 c6 12. Ne5 Nbd7 13. e4 Nxe4 14. Nxe4 Nxe5
15. dxe5 dxe4 16. Bxe4 Qc8 17. Qf3 Qe6 18. Rxc6 Qxa2 19. Bd5 Qa4 20. Bxh6 Bf6
21. Bxg7 Re6 22. Bxf6 Bxc6 23. Qh5 Rxf6 24. exf6 Bxd5 25. Qxd5 Rc8 26. Qg5+ Kf8
27. Qg7+ Ke8 28. Re1+ Kd7 29. Qxf7+ Kc6 30. Rc1+ Kb5 31. Qd7+ 1-0

[Event "20. Obert Int. Sant Marti 2018 - B"]
[Site "Barcelona ESP"]
[Date "2018.07.21"]
[Round "9.46"]
[White "Valbuena Castro, Gregorio"]
[Black "Gibert Juan, Ramon"]
[Result "0-1"]
[WhiteElo "1646"]
[BlackElo "1567"]
[PlyCount "61"]
[EventDate "2018.07.13"]
[EventType "swiss"]
[EventRounds "9"]
[EventCountry "ESP"]
[SourceTitle "Ajedrez en Madrid"]
[Source "lmi"]
[SourceDate "2018.07.13"]
[SourceVersion "1"]
[SourceVersionDate "2019.06.21"]
[SourceQuality "1"]

1. e4 e5 2. d4 exd4 3. Nf3 Bb4+ 4. c3 dxc3 5. bxc3 Bc5 6. Bc4 Nf6 7. Bg5 h6 8.
Bh4 Be7 9. e5 Nh7 10. Bg3 O-O 11. O-O a6 12. Nbd2 d5 13. Bd3 c5 14. h4 Bg4 15.
Qc2 f5 16. a4 c4 17. Be2 Nc6 18. Rab1 f4 19. Bh2 Bf5 20. Qb2 Bxb1 21. Rxb1 Rb8
22. g3 fxg3 23. Bxg3 b5 24. Nd4 Nxd4 25. cxd4 Bxh4 26. Qc3 Bxg3 27. fxg3 Ng5
28. Kg2 Ne4 29. Nxe4 dxe4 30. axb5 axb5 31. Qb4 0-1

[Event "20. Obert Int. Sant Marti 2018 - B"]
[Site "Barcelona ESP"]
[Date "2018.07.21"]
[Round "9.48"]
[White "Gonzalez Canovas, Sebastia"]
[Black "Garcia Miralles, Eduard"]
[Result "1-0"]
[WhiteElo "1639"]
[BlackElo "1443"]
[PlyCount "39"]
[EventDate "2018.07.13"]
[EventType "swiss"]
[EventRounds "9"]
[EventCountry "ESP"]
[SourceTitle "Ajedrez en Madrid"]
[Source "lmi"]
[SourceDate "2018.07.13"]
[SourceVersion "1"]
[SourceVersionDate "2019.06.21"]
[SourceQuality "1"]

1. c4 Nf6 2. d4 e6 3. Nc3 b6 4. e4 Bb4 5. f3 O-O 6. Bd2 d5 7. cxd5 exd5 8. e5
Ne8 9. Nge2 f6 10. Qb3 Bxc3 11. Bxc3 Bf5 12. O-O-O a5 13. Ng3 Be6 14. Qc2 c5
15. dxc5 bxc5 16. Bc4 fxe5 17. Qd2 d4 18. Bxe6+ Kh8 19. Qc2 Qf6 20. Bd5 1-0

[Event "20. Obert Int. Sant Marti 2018 - B"]
[Site "Barcelona ESP"]
[Date "2018.07.21"]
[Round "9.49"]
[White "Ferre Navarro, Joan"]
[Black "Guerrero Baez, Indira"]
[Result "1/2-1/2"]
[WhiteElo "1629"]
[BlackElo "1300"]
[PlyCount "61"]
[EventDate "2018.07.13"]
[EventType "swiss"]
[EventRounds "9"]
[EventCountry "ESP"]
[SourceTitle "Ajedrez en Madrid"]
[Source "lmi"]
[SourceDate "2018.07.13"]
[SourceVersion "1"]
[SourceVersionDate "2019.06.21"]
[SourceQuality "1"]

1. d4 d5 2. Nf3 e6 3. Bf4 c5 4. c3 Nf6 5. h3 Nc6 6. e3 Be7 7. Bd3 O-O 8. Nbd2
Qb6 9. b3 Bd7 10. O-O Rac8 11. c4 cxd4 12. cxd5 Nxd5 13. Nc4 Qd8 14. Bh2 dxe3
15. Nxe3 Ncb4 16. Nxd5 Nxd5 17. Rc1 Qa5 18. Ne5 Rxc1 19. Qxc1 Rc8 20. Qb1 Bb5
21. Bxh7+ Kf8 22. Bd3 Bxd3 23. Qxd3 Kg8 24. Qf3 Bf6 25. Nd7 Rd8 26. Nxf6+ Nxf6
27. Qxb7 Qxa2 28. Qf3 Rd5 29. b4 Rb5 30. Bd6 Qd5 31. Qe2 1/2-1/2

[Event "20. Obert Int. Sant Marti 2018 - B"]
[Site "Barcelona ESP"]
[Date "2018.07.21"]
[Round "9.50"]
[White "Membrives Pino, Didac"]
[Black "Siso Ribes, Genis Alfred"]
[Result "1/2-1/2"]
[WhiteElo "1477"]
[BlackElo "1626"]
[PlyCount "98"]
[EventDate "2018.07.13"]
[EventType "swiss"]
[EventRounds "9"]
[EventCountry "ESP"]
[SourceTitle "Ajedrez en Madrid"]
[Source "lmi"]
[SourceDate "2018.07.13"]
[SourceVersion "1"]
[SourceVersionDate "2019.06.21"]
[SourceQuality "1"]

1. d4 Nf6 2. Bf4 c5 3. e3 Qb6 4. Na3 cxd4 5. exd4 Nc6 6. Nb5 d6 7. c4 a6 8. c5
Qa5+ 9. Bd2 Qd8 10. Qa4 Bd7 11. Nc3 dxc5 12. dxc5 e6 13. b4 Nd4 14. Qd1 a5 15.
Be3 axb4 16. Bxd4 bxc3 17. Qb3 Bc6 18. Rd1 Qa5 19. Bxc3 Qxa2 20. Qb6 Ne4 21.
Bd4 Rd8 22. Bb5 Nxc5 23. Bxc6+ bxc6 24. Qxc6+ Nd7 25. Bc3 Qa8 26. Qxa8 Rxa8 27.
Nf3 f6 28. O-O Rc8 29. Bd4 e5 30. Be3 Bc5 31. Rc1 Kf7 32. Rfd1 Bxe3 33. Rxd7+
Ke6 34. Rcd1 Bh6 35. R1d6+ Kf5 36. Nh4+ Kg4 37. g3 Kh3 38. Rd1 Kg4 39. Kg2 e4
40. h3+ Kh5 41. R7d5+ Bg5 42. Nf5 Rc7 43. g4+ Kg6 44. h4 Bf4 45. h5+ Kf7 46.
R1d4 g6 47. Rxe4 gxf5 48. Rxf4 fxg4 49. Rdf5 Rc6 1/2-1/2

[Event "20. Obert Int. Sant Marti 2018 - B"]
[Site "Barcelona ESP"]
[Date "2018.07.21"]
[Round "9.51"]
[White "Torres Ribe, Ricard"]
[Black "Casas Vinas, Arthur"]
[Result "1-0"]
[WhiteElo "1593"]
[BlackElo "1249"]
[PlyCount "81"]
[EventDate "2018.07.13"]
[EventType "swiss"]
[EventRounds "9"]
[EventCountry "ESP"]
[SourceTitle "Ajedrez en Madrid"]
[Source "lmi"]
[SourceDate "2018.07.13"]
[SourceVersion "1"]
[SourceVersionDate "2019.06.21"]
[SourceQuality "1"]

1. e4 c5 2. Nf3 g6 3. d4 cxd4 4. Nxd4 Bg7 5. Nc3 Nc6 6. Be3 Nf6 7. f3 Qa5 8.
Qd2 d5 9. Nb3 Qd8 10. exd5 Nb4 11. O-O-O Bf5 12. Bb5+ Nd7 13. Ne4 Na6 14. g4
Bxe4 15. fxe4 Nc7 16. Bd3 Ne5 17. Be2 O-O 18. h4 e6 19. h5 Bh8 20. hxg6 fxg6
21. d6 Ne8 22. Qb4 b6 23. d7 Nf6 24. Qd6 Nfxd7 25. Qxe6+ Rf7 26. Bc4 Nxc4 27.
Qxc4 Rc8 28. Qd5 Qc7 29. Rd2 Bxb2+ 30. Kxb2 Qc3+ 31. Kb1 Qxe3 32. Rf1 Rcf8 33.
Rxf7 Rxf7 34. Qe6 Nc5 35. Rd8+ Kg7 36. Qe5+ Kh6 37. Rd1 Qf3 38. g5+ Kh5 39. Rg1
Qxe4 40. Qh2+ Qh4 41. Qe2+ 1-0

[Event "20. Obert Int. Sant Marti 2018 - B"]
[Site "Barcelona ESP"]
[Date "2018.07.21"]
[Round "9.53"]
[White "Climent Vidal, Pere"]
[Black "Carricondo Fernandez, Vicente"]
[Result "0-1"]
[WhiteElo "1441"]
[BlackElo "1845"]
[PlyCount "56"]
[EventDate "2018.07.13"]
[EventType "swiss"]
[EventRounds "9"]
[EventCountry "ESP"]
[SourceTitle "Ajedrez en Madrid"]
[Source "lmi"]
[SourceDate "2018.07.13"]
[SourceVersion "1"]
[SourceVersionDate "2019.06.21"]
[SourceQuality "1"]

1. b4 e6 2. a3 Nf6 3. Bb2 b6 4. Nf3 c5 5. b5 d5 6. d4 Bd7 7. e3 c4 8. a4 a6 9.
Ne5 axb5 10. Nxd7 Qxd7 11. c3 bxa4 12. Ba3 Bxa3 13. Nxa3 Ne4 14. Qc2 Nd6 15.
Rb1 b5 16. Qb2 Nc6 17. Nxb5 Nxb5 18. Qxb5 O-O 19. Qb2 Rfb8 20. Qc2 a3 21. Rxb8+
Rxb8 22. Qa2 Qb7 23. Qxa3 Qb1+ 24. Ke2 Rb2+ 25. Kf3 Qf5+ 26. Kg3 Qxf2+ 27. Kh3
g5 28. g3 Qf5+ 0-1

[Event "20. Obert Int. Sant Marti 2018 - B"]
[Site "Barcelona ESP"]
[Date "2018.07.21"]
[Round "9.54"]
[White "Morales Mendizabal, Pere"]
[Black "Rodoreda Pares, Marc"]
[Result "1/2-1/2"]
[WhiteElo "1742"]
[BlackElo "1487"]
[PlyCount "67"]
[EventDate "2018.07.13"]
[EventType "swiss"]
[EventRounds "9"]
[EventCountry "ESP"]
[SourceTitle "Ajedrez en Madrid"]
[Source "lmi"]
[SourceDate "2018.07.13"]
[SourceVersion "1"]
[SourceVersionDate "2019.06.21"]
[SourceQuality "1"]

1. d4 d5 2. f4 Nf6 3. Nf3 e6 4. e3 c5 5. c3 Nc6 6. Bd3 cxd4 7. exd4 Bd6 8. Ne5
O-O 9. O-O Nd7 10. Rf3 h6 11. Rg3 Nf6 12. Nd2 g6 13. Ndf3 Ne7 14. Rh3 h5 15.
Ng5 Ne8 16. Nxg6 fxg6 17. Bxg6 Nxg6 18. Qxh5 Kg7 19. Qh6+ Kf6 20. Nh7+ Kf7 21.
Nxf8 Nxf8 22. f5 Be7 23. Qh5+ Kg8 24. Rg3+ Ng7 25. Bh6 Bf6 26. fxe6 Bxe6 27.
Rf1 Qe7 28. Qf3 Nh7 29. Rg6 Rf8 30. Qg3 Rf7 31. Qb8+ Rf8 32. Qg3 Rf7 33. Qb8+
Rf8 34. Qg3 1/2-1/2

[Event "20. Obert Int. Sant Marti 2018 - B"]
[Site "Barcelona ESP"]
[Date "2018.07.21"]
[Round "9.55"]
[White "Febrero Perez, Lluis"]
[Black "Volart Buil, Jordi"]
[Result "0-1"]
[WhiteElo "1479"]
[BlackElo "1715"]
[PlyCount "70"]
[EventDate "2018.07.13"]
[EventType "swiss"]
[EventRounds "9"]
[EventCountry "ESP"]
[SourceTitle "Ajedrez en Madrid"]
[Source "lmi"]
[SourceDate "2018.07.13"]
[SourceVersion "1"]
[SourceVersionDate "2019.06.21"]
[SourceQuality "1"]

1. e4 e5 2. Nf3 Qe7 3. b3 Nf6 4. d3 c6 5. g3 d5 6. Nbd2 Qc7 7. Bg2 Bb4 8. O-O
O-O 9. Bb2 d4 10. Rc1 Bg4 11. h3 Be6 12. Nb1 Rd8 13. c3 dxc3 14. Nxc3 Bxc3 15.
Bxc3 Nxe4 16. Bxe5 Nd6 17. Ng5 Qe7 18. Qh5 h6 19. Nxe6 fxe6 20. Qg4 Qf7 21.
Rfe1 Nf5 22. Be4 Nd7 23. Bf4 Nf6 24. Qf3 Nd4 25. Qe3 Nxe4 26. Qxe4 g5 27. Be5
Nf3+ 28. Kg2 Nxe1+ 29. Rxe1 Qf5 30. Qc4 Rxd3 31. f4 Rd2+ 32. Kf3 Rad8 33. Re3
Qxh3 34. Bf6 Qh5+ 35. g4 Qh1+ 0-1

[Event "20. Obert Int. Sant Marti 2018 - B"]
[Site "Barcelona ESP"]
[Date "2018.07.21"]
[Round "9.56"]
[White "Marzo Ruiz, Xavier"]
[Black "Jimenez Molina, Victor"]
[Result "1-0"]
[WhiteElo "1417"]
[BlackElo "1710"]
[PlyCount "67"]
[EventDate "2018.07.13"]
[EventType "swiss"]
[EventRounds "9"]
[EventCountry "ESP"]
[SourceTitle "Ajedrez en Madrid"]
[Source "lmi"]
[SourceDate "2018.07.13"]
[SourceVersion "1"]
[SourceVersionDate "2019.06.21"]
[SourceQuality "1"]

1. e4 e5 2. Nf3 Nc6 3. Bb5 a6 4. Ba4 Nf6 5. O-O b5 6. Bb3 Bc5 7. c3 d6 8. d4
Bb6 9. h3 Bb7 10. Re1 Qd7 11. Qd3 O-O-O 12. Nbd2 exd4 13. cxd4 Nb4 14. Qc3 Ba5
15. a3 Nc6 16. Qe3 Rhe8 17. Bc2 Nxe4 18. b4 Nxd2 19. Qxd2 Rxe1+ 20. Qxe1 Bb6
21. Bb2 Ne7 22. Ng5 h6 23. Ne4 Re8 24. Qc3 Nd5 25. Qf3 f5 26. Nc5 dxc5 27. Bxf5
Re6 28. Qg4 Kb8 29. Bxe6 Qe7 30. dxc5 h5 31. Qxg7 Qxe6 32. cxb6 Qxb6 33. Qh8+
Ka7 34. Bd4 1-0

[Event "20. Obert Int. Sant Marti 2018 - B"]
[Site "Barcelona ESP"]
[Date "2018.07.21"]
[Round "9.57"]
[White "Salazar Navas, Josep"]
[Black "Olleta Tanya, Jordi"]
[Result "1-0"]
[WhiteElo "1677"]
[BlackElo "1409"]
[PlyCount "63"]
[EventDate "2018.07.13"]
[EventType "swiss"]
[EventRounds "9"]
[EventCountry "ESP"]
[SourceTitle "Ajedrez en Madrid"]
[Source "lmi"]
[SourceDate "2018.07.13"]
[SourceVersion "1"]
[SourceVersionDate "2019.06.21"]
[SourceQuality "1"]

1. e4 c5 2. Nc3 Nc6 3. g3 Nf6 4. Bg2 d6 5. h3 g6 6. d3 Bg7 7. Be3 O-O 8. Qd2
Re8 9. Nge2 Be6 10. O-O b6 11. e5 Nxe5 12. f4 Ned7 13. Bxa8 Qxa8 14. Kh2 d5 15.
d4 Ne4 16. Nxe4 dxe4 17. Nc3 Nf6 18. dxc5 Rd8 19. Qf2 Bxh3 20. Kxh3 Qc8+ 21.
Kg2 Ng4 22. Qe2 Bxc3 23. bxc3 bxc5 24. Rad1 Nxe3+ 25. Qxe3 Rxd1 26. Rxd1 Qc6
27. c4 f5 28. Rd5 Qa4 29. Qb3 Qa5 30. Qb5 Qe1 31. Qe8+ Kg7 32. Qxe7+ 1-0

[Event "20. Obert Int. Sant Marti 2018 - B"]
[Site "Barcelona ESP"]
[Date "2018.07.21"]
[Round "9.58"]
[White "Sanchez Rodriguez, Raul"]
[Black "Martinez Torras, Pol"]
[Result "0-1"]
[WhiteElo "1402"]
[BlackElo "1675"]
[PlyCount "70"]
[EventDate "2018.07.13"]
[EventType "swiss"]
[EventRounds "9"]
[EventCountry "ESP"]
[SourceTitle "Ajedrez en Madrid"]
[Source "lmi"]
[SourceDate "2018.07.13"]
[SourceVersion "1"]
[SourceVersionDate "2019.06.21"]
[SourceQuality "1"]

1. e4 c5 2. Nf3 Nc6 3. d4 cxd4 4. Nxd4 Nf6 5. Nc3 e5 6. Nb3 Bb4 7. Bc4 O-O 8.
Bg5 Bxc3+ 9. bxc3 h6 10. Bh4 g5 11. Bg3 Nxe4 12. O-O d6 13. Qf3 Nf6 14. Bd3 d5
15. Qe3 Re8 16. Be2 d4 17. cxd4 exd4 18. Qd3 Nd5 19. Bh5 Qf6 20. Rfe1 Bf5 21.
Qf3 Rxe1+ 22. Rxe1 Rd8 23. h4 Bxc2 24. hxg5 Qxf3 25. Bxf3 Bxb3 26. axb3 hxg5
27. Re5 Nxe5 28. Bxe5 d3 29. Kf1 b6 30. Ke1 Re8 31. Kd2 Rxe5 32. Kxd3 Nf4+ 33.
Kd4 Rc5 34. g3 Nh3 35. Bg4 Nxf2 0-1

[Event "20. Obert Int. Sant Marti 2018 - B"]
[Site "Barcelona ESP"]
[Date "2018.07.21"]
[Round "9.62"]
[White "Apinyan, Mark"]
[Black "Gomez Parla, Josep"]
[Result "0-1"]
[WhiteElo "1269"]
[BlackElo "1794"]
[PlyCount "90"]
[EventDate "2018.07.13"]
[EventType "swiss"]
[EventRounds "9"]
[EventCountry "ESP"]
[SourceTitle "Ajedrez en Madrid"]
[Source "lmi"]
[SourceDate "2018.07.13"]
[SourceVersion "1"]
[SourceVersionDate "2019.06.21"]
[SourceQuality "1"]

1. d4 g6 2. c4 Nf6 3. Nc3 Bg7 4. Nf3 O-O 5. Bf4 d6 6. e4 c6 7. Bd3 Bg4 8. Be3
Qa5 9. O-O Nbd7 10. Be2 a6 11. a3 b5 12. b4 Qc7 13. c5 dxc5 14. bxc5 Rfd8 15.
Qb3 e6 16. Bg5 Bxf3 17. Bxf3 e5 18. Be3 exd4 19. Bxd4 Ne5 20. Ne2 Nxf3+ 21.
Qxf3 Re8 22. Bxf6 Bxf6 23. Qxf6 Rxe4 24. Ng3 Re6 25. Qf3 Rae8 26. h3 h5 27. Qc3
h4 28. Nh1 Qe7 29. g3 g5 30. Kh2 Qc7 31. Rg1 Re2 32. Rae1 hxg3+ 33. Nxg3 Rxf2+
34. Rg2 Rxg2+ 35. Kxg2 Rxe1 36. Qxe1 Qd7 37. Qe3 Qd5+ 38. Kh2 f6 39. Nh5 Kf7
40. Ng3 Qa2+ 41. Ne2 a5 42. Kg3 f5 43. Qc3 Qxe2 44. Qf3 Qxf3+ 45. Kxf3 Kf6 0-1

[Event "20. Obert Int. Sant Marti 2018 - B"]
[Site "Barcelona ESP"]
[Date "2018.07.21"]
[Round "9.63"]
[White "Ruiz Serra, Guillem"]
[Black "Munoz Prior, Marcelo"]
[Result "1-0"]
[WhiteElo "1199"]
[BlackElo "1631"]
[PlyCount "111"]
[EventDate "2018.07.13"]
[EventType "swiss"]
[EventRounds "9"]
[EventCountry "ESP"]
[SourceTitle "Ajedrez en Madrid"]
[Source "lmi"]
[SourceDate "2018.07.13"]
[SourceVersion "1"]
[SourceVersionDate "2019.06.21"]
[SourceQuality "1"]

1. e4 e5 2. Nf3 d6 3. Bc4 Nd7 4. d3 Be7 5. c3 Nb6 6. Bb3 Bf6 7. Nbd2 Ne7 8. O-O
a5 9. a4 Be6 10. Re1 O-O 11. h3 Qc8 12. Bxe6 fxe6 13. Nf1 c5 14. Qb3 Ra6 15.
N1d2 Ng6 16. Nc4 Nxc4 17. Qxc4 h6 18. g3 Be7 19. Nh2 Qd7 20. Qa2 Kh8 21. c4 d5
22. exd5 exd5 23. Kg2 Qf5 24. Rf1 Qxd3 25. cxd5 Rd6 26. Be3 Qxd5+ 27. Qxd5 Rxd5
28. Rad1 Rfd8 29. Rxd5 Rxd5 30. h4 e4 31. Re1 Re5 32. Nf1 Kg8 33. Bc1 Nf8 34.
Bf4 Re6 35. Nd2 Bf6 36. b3 Bc3 37. Rxe4 Bxd2 38. Rxe6 Bxf4 39. Rb6 Bd2 40. Rxb7
Ne6 41. Rb6 Nd4 42. Kh3 Bb4 43. Rb8+ Kf7 44. f4 Nxb3 45. g4 Nd4 46. Rb7+ Kg8
47. g5 h5 48. g6 Kf8 49. Rf7+ Ke8 50. Rxg7 Ne6 51. Rf7 c4 52. f5 Nf8 53. Rg7
Nd7 54. Rxd7 Kf8 55. g7+ Kg8 56. f6 1-0

[Event "20. Obert Int. Sant Marti 2018 - B"]
[Site "Barcelona ESP"]
[Date "2018.07.21"]
[Round "9.64"]
[White "Martin Sanchez, Antoni"]
[Black "Minko, Uliana"]
[Result "1-0"]
[WhiteElo "1552"]
[BlackElo "1284"]
[PlyCount "99"]
[EventDate "2018.07.13"]
[EventType "swiss"]
[EventRounds "9"]
[EventCountry "ESP"]
[SourceTitle "Ajedrez en Madrid"]
[Source "lmi"]
[SourceDate "2018.07.13"]
[SourceVersion "1"]
[SourceVersionDate "2019.06.21"]
[SourceQuality "1"]

1. d4 d5 2. Nf3 Nf6 3. Nbd2 e6 4. c3 c5 5. e3 Bd7 6. Ne5 Bc8 7. Bd3 Nbd7 8.
Nxd7 Bxd7 9. O-O Be7 10. Re1 O-O 11. Qe2 a6 12. b3 b5 13. Qf3 Qc7 14. Bb2 e5
15. dxe5 Qxe5 16. Rab1 Bd6 17. g3 Bg4 18. Qg2 Rfe8 19. f3 Bd7 20. f4 Qe7 21.
Nf3 Ne4 22. c4 f6 23. Rbd1 Qf7 24. Bc2 Be6 25. Bxe4 dxe4 26. Rxd6 exf3 27. Qxf3
bxc4 28. bxc4 Bxc4 29. Red1 Rab8 30. R1d2 h6 31. e4 a5 32. e5 fxe5 33. Rd7 Qf5
34. Qc3 Bf7 35. fxe5 Rbc8 36. e6 Qb1+ 37. Kg2 Qe4+ 38. Kg1 Qe1+ 39. Kg2 Qe4+
40. Kf2 Qf5+ 41. Kg1 Qb1+ 42. Rd1 Qg6 43. exf7+ Kf8 44. fxe8=Q+ Kxe8 45. Qe5+
Kf8 46. Qe7+ Kg8 47. Qe5 Kf8 48. Rf1+ Kg8 49. Rxg7+ Qxg7 50. Qxg7# 1-0

[Event "20. Obert Int. Sant Marti 2018 - B"]
[Site "Barcelona ESP"]
[Date "2018.07.21"]
[Round "9.65"]
[White "Cassi Gimeno, Jordi"]
[Black "Rodriguez Gonzalez, Feliciano"]
[Result "1-0"]
[WhiteElo "1464"]
[BlackElo "1403"]
[PlyCount "85"]
[EventDate "2018.07.13"]
[EventType "swiss"]
[EventRounds "9"]
[EventCountry "ESP"]
[SourceTitle "Ajedrez en Madrid"]
[Source "lmi"]
[SourceDate "2018.07.13"]
[SourceVersion "1"]
[SourceVersionDate "2019.06.21"]
[SourceQuality "1"]

1. e4 c5 2. Nf3 d6 3. d4 cxd4 4. Nxd4 Nf6 5. Nc3 a6 6. Bd3 g6 7. Nde2 Nc6 8.
Be3 e5 9. Nd5 Nxd5 10. exd5 Qa5+ 11. Nc3 Ne7 12. Qf3 f5 13. Qd1 Nxd5 14. Bd2
Nxc3 15. Bxc3 Qd8 16. Qe2 Bg7 17. f4 Qe7 18. fxe5 Bxe5 19. O-O-O Bf4+ 20. Kb1
Qxe2 21. Bxe2 Be5 22. Rxd6 Bxc3 23. bxc3 Ke7 24. Rb6 Rd8 25. Bf3 Rb8 26. Re1+
Kd7 27. c4 Kc7 28. c5 Bd7 29. Re7 Re8 30. Rxh7 Re5 31. Rxg6 Rxc5 32. g4 Rb5+
33. Kc1 Rb6 34. Rxb6 Kxb6 35. Rxd7 fxg4 36. Bxg4 Kc6 37. Rd3 Rf8 38. Rd1 Kc5
39. Rh1 Kc4 40. Kb2 a5 41. h4 b5 42. h5 b4 43. Be2+ 1-0

[Event "20. Obert Int. Sant Marti 2018 - B"]
[Site "Barcelona ESP"]
[Date "2018.07.21"]
[Round "9.66"]
[White "Gupta, Ritvik"]
[Black "Bienvenido Kleque, Jose"]
[Result "1/2-1/2"]
[WhiteElo "1021"]
[BlackElo "1439"]
[PlyCount "44"]
[EventDate "2018.07.13"]
[EventType "swiss"]
[EventRounds "9"]
[EventCountry "ESP"]
[SourceTitle "Ajedrez en Madrid"]
[Source "lmi"]
[SourceDate "2018.07.13"]
[SourceVersion "1"]
[SourceVersionDate "2019.06.21"]
[SourceQuality "1"]

1. e4 d5 2. exd5 Qxd5 3. Nc3 Qd8 4. Nf3 c6 5. d4 Nf6 6. a4 Bf5 7. Bd3 Bxd3 8.
Qxd3 e6 9. O-O Be7 10. Bg5 Nbd7 11. Ne5 O-O 12. Nxd7 Qxd7 13. Rfe1 Rad8 14.
Rad1 Nd5 15. Bxe7 Qxe7 16. Nxd5 cxd5 17. b3 Rc8 18. c4 dxc4 19. bxc4 Qc7 20. c5
Rfd8 21. Qc4 Rd5 22. Rc1 Rcd8 1/2-1/2

[Event "20. Obert Int. Sant Marti 2018 - B"]
[Site "Barcelona ESP"]
[Date "2018.07.21"]
[Round "9.67"]
[White "Castillo Rosa, Jose Luis"]
[Black "Juncosa Padros, Ernest"]
[Result "0-1"]
[WhiteElo "1402"]
[BlackElo "1212"]
[PlyCount "78"]
[EventDate "2018.07.13"]
[EventType "swiss"]
[EventRounds "9"]
[EventCountry "ESP"]
[SourceTitle "Ajedrez en Madrid"]
[Source "lmi"]
[SourceDate "2018.07.13"]
[SourceVersion "1"]
[SourceVersionDate "2019.06.21"]
[SourceQuality "1"]

1. e4 e6 2. d4 d5 3. Nd2 c5 4. Ngf3 Nc6 5. c3 Qb6 6. Bd3 a6 7. O-O cxd4 8. cxd4
Nxd4 9. Nxd4 Qxd4 10. Nf3 Qb6 11. e5 Bc5 12. a3 Bd7 13. b4 Bd4 14. Nxd4 Qxd4
15. Bb5 Qxa1 16. Qa4 Bxb5 17. Qc2 Bxf1 18. Kxf1 Qxe5 19. g3 Nf6 20. Bf4 Qf5 21.
Qc5 e5 22. Be3 Rc8 23. Qd6 Rc6 24. Qb8+ Qc8 25. Qa7 O-O 26. Bc5 Rd8 27. Be7 Rd7
28. Bxf6 b6 29. Qxd7 Qxd7 30. Bxe5 Qh3+ 31. Ke2 Re6 32. f4 f6 33. Kd3 fxe5 34.
fxe5 Rxe5 35. Kd4 Qf5 36. b5 Re4+ 37. Kd3 Qf3+ 38. Kd2 Re2+ 39. Kd1 Qf1# 0-1

[Event "20. Obert Int. Sant Marti 2018 - B"]
[Site "Barcelona ESP"]
[Date "2018.07.21"]
[Round "9.72"]
[White "Lahoz Bonaventura, Jordi"]
[Black "Membrives Cano, Diego"]
[Result "1/2-1/2"]
[WhiteElo "1597"]
[BlackElo "1262"]
[PlyCount "42"]
[EventDate "2018.07.13"]
[EventType "swiss"]
[EventRounds "9"]
[EventCountry "ESP"]
[SourceTitle "Ajedrez en Madrid"]
[Source "lmi"]
[SourceDate "2018.07.13"]
[SourceVersion "1"]
[SourceVersionDate "2019.06.21"]
[SourceQuality "1"]

1. e4 d6 2. Nf3 Nf6 3. d3 e5 4. g3 Be7 5. Bg2 O-O 6. Nbd2 Be6 7. d4 Nbd7 8. d5
Bg4 9. h3 Bh5 10. g4 Bg6 11. Nh4 Ne8 12. Nxg6 fxg6 13. Nf3 Nc5 14. Qe2 c6 15.
Be3 Nxe4 16. dxc6 Qa5+ 17. c3 d5 18. cxb7 Rb8 19. Nxe5 Qc7 20. Bd4 N8f6 21. O-O
Rxb7 1/2-1/2

[Event "20. Obert Int. Sant Marti 2018 - B"]
[Site "Barcelona ESP"]
[Date "2018.07.21"]
[Round "9.73"]
[White "Samper Gonzalez, Pedro"]
[Black "Bermejo Cuadra, Roberto"]
[Result "1/2-1/2"]
[WhiteElo "1470"]
[BlackElo "1315"]
[PlyCount "83"]
[EventDate "2018.07.13"]
[EventType "swiss"]
[EventRounds "9"]
[EventCountry "ESP"]
[SourceTitle "Ajedrez en Madrid"]
[Source "lmi"]
[SourceDate "2018.07.13"]
[SourceVersion "1"]
[SourceVersionDate "2019.06.21"]
[SourceQuality "1"]

1. e4 Nc6 2. Nf3 d6 3. d4 e5 4. d5 Nce7 5. Nc3 Nf6 6. Be2 Ng6 7. Be3 Bd7 8. O-O
Be7 9. Qd2 Ng4 10. Bd3 Nxe3 11. Qxe3 Nf4 12. Ne2 Nxd3 13. Qxd3 Bg4 14. Qb5+ Bd7
15. Qxb7 Rb8 16. Qxa7 Rxb2 17. Rfc1 O-O 18. Rab1 Qb8 19. Qxb8 Rfxb8 20. Nc3
Rxb1 21. Nxb1 Rb2 22. Nc3 f5 23. a3 fxe4 24. Nxe4 Bf5 25. Nfd2 g5 26. h3 Bxe4
27. Nxe4 Ra2 28. Nc3 Rxa3 29. Nb5 Ra5 30. Nxc7 Rc5 31. Na6 Rxd5 32. Nb4 Rd2 33.
f3 d5 34. Nd3 e4 35. fxe4 dxe4 36. Ne1 Bc5+ 37. Kh2 h5 38. Rb1 g4 39. hxg4 hxg4
40. Kg3 Bf2+ 41. Kxg4 Bxe1 42. Rxe1 1/2-1/2